000 00437nam a2200181Ia 4500
003 GCL
008 140319s9999 xx 000 0 eng d
040 _aGCL /
_cGCL
082 0 4 _aCH.
_b823.087
_bF F
100 1 _aFLEMING, IAN
245 1 0 _aFOR YOUR EYES ONLY /
_cFLEMING, IAN
260 _a[S.N] :
_bLONGMAN ،
_c1973
300 _a120 P
650 0 4 _aCHILDREN
650 0 4 _aENGLISH LANGUAGE
650 0 4 _aTALES
942 _2ddc
_cBK
999 _c17996
_d17996